000 00634nam a2200205 4500
005 20251208122817.0
010 _aENG-147291
020 _c750.00
_a9789393330314
035 _aEN-130823
037 _bDBAD
082 _a005.8
_21
100 _aAjay Singh
_985898
245 _aIntroduction to Cybersecurity/
_cAjay Singh
250 _a1
260 _aHyderabad
_bUniversities Press (India) Pvt. Ltd.
_c2023
270 _a3-6-747/A & 3-6-754/1, Himayatnagar
_bHyderabad
_e500029
300 _axiv, 312p.
_c25cm(pb)
500 _aConcepts, Principles, Technologies and Practices
942 _2ddc
_cEN
_h005.8
_mAJA
999 _c213869
_d213869